| 000 | 00855nas a2200277 4500 | ||
|---|---|---|---|
| 001 | BR2017003196 | ||
| 003 | BR-BrBNA | ||
| 005 | 20231205131144.0 | ||
| 007 | ta | ||
| 008 | 230509b bl.|||p| |||| 00| 00por d | ||
| 040 |
_aBR-BrBNA _bpor _cBiblioteca Nacional de Agricultura |
||
| 041 | _a(Pt) | ||
| 072 | _aL01; E14 | ||
| 100 | 1 | _aLeão, J.M. | |
| 100 | 1 | _aLima, J.A.M. | |
| 100 | 1 | _aPossas, F.P. | |
| 245 | 1 | _aUso da termografia infravermelha na pecuária de precisão | |
| 650 | _aBOVINO | ||
| 650 | _aTECNOLOGIA AGRICOLA | ||
| 650 | _aADOÇÃO DE INOVAÇÕES | ||
| 650 | _aRAIO INFRAVERMELHO | ||
| 650 | _aAGRICULTURA DE PRECISÃO | ||
| 773 | 0 |
_tCadernos Técnicos de Veterinária e Zootecnia (Brazil) _xISSN 1676-6024 _g(Dec 2015), (no. 79) p. 95-107 _wBR2017003196 |
|
| 909 |
_a202311 _bLúcia _c55 _dLúcia Elande |
||
| 942 |
_2AGRIS _n0 _cANA |
||
| 999 |
_c253298 _d253298 |
||